[Event "Royan"]
[Site "Royan"]
[Date "1988.??.??"]
[Round "?"]
[White "Kortschnoj, Viktor Lvovich"]
[Black "Santo Roman, Marc"]
[Result "1-0"]
[WhiteElo "2640"]
[BlackElo "2435"]
[PlyCount "179"]
[EventDate "1988.??.??"]
[EventType "tourn"]
[EventRounds "9"]
[EventCountry "FRA"]
[EventCategory "10"]
[SourceTitle "CBM 009"]
[Source "ChessBase"]
[SourceDate "1989.04.01"]
[SourceVersion "1"]
[SourceVersionDate "1989.04.01"]
[SourceQuality "1"]

1. Nf3 f5 2. g3 Nf6 3. Bg2 g6 4. c3 Bg7 5. Qb3 e6 6. d4 O-O 7. Nbd2 d6 8. Ng5
d5 9. h4 Qe7 10. Ndf3 Nbd7 11. Nh3 c5 12. Nf4 Ne4 13. Qa3 Re8 14. Nd3 b5 15.
Nxc5 Ndxc5 16. dxc5 Bd7 17. Bf4 e5 18. Bg5 Nxg5 19. Nxg5 e4 20. Rd1 Bc6 21. Nh3
a5 22. Nf4 Red8 23. Qb3 Qf7 24. O-O Bf8 25. e3 Bxc5 26. Rd2 Rd7 27. Rfd1 a4 28.
Qc2 Rd6 29. Bf1 Rad8 30. b4 axb3 31. Qxb3 Qb7 32. Ne2 Be8 33. Nd4 Rb8 34. Rb1
Rb6 35. Qd1 Bf8 36. Ne2 Bf7 37. Nf4 Rd8 38. Rdb2 Rb8 39. a4 b4 40. a5 Rc6 41.
cxb4 Bg7 42. Rd2 d4 43. exd4 Qa7 44. Ne2 Rc4 45. Rc2 Rbxb4 46. Rxb4 Rxb4 47.
Rc8+ Bf8 48. Qc1 Ra4 49. Nc3 Rxa5 50. Nb5 Qe7 51. d5 e3 52. d6 exf2+ 53. Kh2
Qe6 54. d7 Qxd7 55. Qc5 Be8 56. Bc4+ Kg7 57. Qe5+ Kh6 58. Rxe8 Qd2 59. Bf1 Bg7
60. Qe3+ Qxe3 61. Rxe3 Ra4 62. Nd6 Bf8 63. Nc4 Ra1 64. Kg2 Re1 65. Rb3 Bc5 66.
Rb5 Bd4 67. Rd5 Ba7 68. Rd7 Bc5 69. Nb2 Re7 70. Rd5 Ba7 71. Nd3 Kg7 72. Nxf2
Bxf2 73. Kxf2 Ra7 74. Rd6 Rb7 75. Ke3 Re7+ 76. Kf3 Rb7 77. Bc4 Rc7 78. Bd5 Ra7
79. Kf4 Kh6 80. Bc6 Re7 81. Rd7 Re1 82. Bd5 Rf1+ 83. Ke5 Re1+ 84. Kf6 Re8 85.
Rc7 Rf8+ 86. Bf7 Ra8 87. h5 Ra6+ 88. Be6 Ra3 89. hxg6 hxg6 90. Rc4 1-0

[Event "Vina del Mar m"]
[Site "Vina del Mar"]
[Date "1988.??.??"]
[Round "2"]
[White "Morovic Fernandez, Ivan"]
[Black "Kortschnoj, Viktor Lvovich"]
[Result "0-1"]
[WhiteElo "2535"]
[BlackElo "2640"]
[PlyCount "72"]
[EventDate "1988.??.??"]
[EventType "match"]
[EventRounds "4"]
[EventCountry "CHI"]
[SourceTitle "EXT 2010"]
[Source "ChessBase"]
[SourceDate "2010.11.25"]
[SourceVersion "1"]
[SourceVersionDate "2010.11.25"]
[SourceQuality "1"]

1. Nf3 c5 2. c4 Nc6 3. Nc3 e6 4. d4 cxd4 5. Nxd4 Nf6 6. g3 Qb6 7. Nb3 Ne5 8. e4
Bb4 9. Qe2 d6 10. f4 Nc6 11. Be3 Bxc3+ 12. bxc3 Qc7 13. Bg2 e5 14. c5 Bg4 15.
cxd6 Qxd6 16. Qb5 a6 17. Qc4 Be6 18. Qe2 b5 19. O-O Bc4 20. Rfd1 Qc7 21. Qf3
O-O 22. Nc5 Rfd8 23. Rxd8+ Rxd8 24. Nxa6 Qa5 25. Nb4 Nxb4 26. cxb4 Qxb4 27.
fxe5 Qc3 28. Rc1 Qxe5 29. a4 h5 30. axb5 Qxb5 31. Qf5 Qb3 32. Re1 Ng4 33. Ba7
Qc3 34. Rb1 Qc2 35. Re1 Rd2 36. Bf3 Rd1 0-1

[Event "Beersheba"]
[Site "Beersheba"]
[Date "1988.??.??"]
[Round "?"]
[White "Kortschnoj, Viktor Lvovich"]
[Black "Lev, Ronen"]
[Result "1-0"]
[WhiteElo "2640"]
[BlackElo "2390"]
[PlyCount "97"]
[EventDate "1988.02.??"]
[EventType "tourn"]
[EventRounds "14"]
[EventCountry "ISR"]
[EventCategory "10"]
[SourceTitle "CBM 009"]
[Source "ChessBase"]
[SourceDate "1989.04.01"]
[SourceVersion "1"]
[SourceVersionDate "1989.04.01"]
[SourceQuality "1"]

1. c4 g6 2. e4 e5 3. d4 d6 4. Nf3 Nd7 5. Nc3 Bg7 6. Be2 Nh6 7. dxe5 dxe5 8. h3
O-O 9. g4 f6 10. Be3 Nf7 11. c5 c6 12. Qb3 Qe7 13. O-O-O Nxc5 14. Qa3 b6 15.
Na4 Bh6 16. Bxh6 Nxh6 17. Kb1 Nf7 18. Rc1 Kg7 19. Nxc5 bxc5 20. Qxc5 Qxc5 21.
Rxc5 Rd8 22. Kc2 Nd6 23. Nd2 Nb5 24. Bxb5 cxb5 25. Rxb5 Ba6 26. Rc5 Rac8 27.
Rxc8 Rxc8+ 28. Kd1 Rd8 29. Re1 Rd3 30. Re3 Rxe3 31. fxe3 Bd3 32. b4 h5 33. gxh5
g5 34. a4 Kh6 35. Ke1 Kxh5 36. Kf2 Kh4 37. Kg2 Bc2 38. a5 Bd3 39. Kh2 g4 40.
hxg4 Kxg4 41. Kg2 Be2 42. Kf2 Bd3 43. Nb3 Bxe4 44. b5 f5 45. Nc5 Ba8 46. Nd7 f4
47. e4 f3 48. a6 Kf4 49. Nc5 1-0

[Event "Beersheba"]
[Site "Beersheba"]
[Date "1988.??.??"]
[Round "?"]
[White "Kortschnoj, Viktor Lvovich"]
[Black "Shrentzel, Israel"]
[Result "1-0"]
[WhiteElo "2640"]
[BlackElo "2385"]
[PlyCount "89"]
[EventDate "1988.02.??"]
[EventType "tourn"]
[EventRounds "14"]
[EventCountry "ISR"]
[EventCategory "10"]
[SourceTitle "CBM 009"]
[Source "ChessBase"]
[SourceDate "1989.04.01"]
[SourceVersion "1"]
[SourceVersionDate "1989.04.01"]
[SourceQuality "1"]

1. Nf3 Nf6 2. c4 c6 3. Nc3 d5 4. e3 g6 5. d4 Bg7 6. Bd3 O-O 7. O-O a6 8. Bd2 b5
9. b3 Bg4 10. cxd5 cxd5 11. h3 Bxf3 12. Qxf3 Nc6 13. Rac1 Qd6 14. Bb1 Rac8 15.
Ne2 Rfd8 16. Rfd1 e6 17. Nf4 Qb8 18. Be1 Ne7 19. Nd3 Ne4 20. Qf4 Qxf4 21. Nxf4
Bh6 22. g4 Nc6 23. Rc2 Bxf4 24. exf4 Ne7 25. Rdc1 Rxc2 26. Rxc2 Rc8 27. f3 Nf6
28. Rxc8+ Nxc8 29. Kf2 Ne7 30. Bd3 Nc6 31. Ke3 Ne8 32. a4 Nd6 33. f5 bxa4 34.
bxa4 a5 35. f6 Kf8 36. Bb5 Na7 37. Bd7 Nc4+ 38. Kd3 e5 39. Bf2 Nb6 40. Bb5 Nxb5
41. axb5 e4+ 42. fxe4 Ke8 43. e5 Kd7 44. Kc3 Nc4 45. Kb3 1-0

[Event "Beersheba"]
[Site "Beersheba"]
[Date "1988.??.??"]
[Round "?"]
[White "Shrentzel, Israel"]
[Black "Kortschnoj, Viktor Lvovich"]
[Result "0-1"]
[WhiteElo "2385"]
[BlackElo "2640"]
[PlyCount "116"]
[EventDate "1988.02.??"]
[EventType "tourn"]
[EventRounds "14"]
[EventCountry "ISR"]
[EventCategory "10"]
[SourceTitle "CBM 009"]
[Source "ChessBase"]
[SourceDate "1989.04.01"]
[SourceVersion "1"]
[SourceVersionDate "1989.04.01"]
[SourceQuality "1"]

1. d4 d5 2. c4 e6 3. Nc3 c5 4. cxd5 exd5 5. Nf3 Nc6 6. e3 Nf6 7. Be2 Bd6 8.
dxc5 Bxc5 9. O-O O-O 10. b3 a6 11. Bb2 Ba7 12. Rc1 Qd6 13. Rc2 Be6 14. Qa1 Rfd8
15. Rfc1 d4 16. exd4 Nxd4 17. Nxd4 Bxd4 18. Na4 Ng4 19. Bxg4 Bxb2 20. Nxb2 Bxg4
21. Nc4 Qb4 22. Ne3 Be6 23. Qc3 Qe4 24. Rd2 h6 25. Qc2 Qb4 26. Rcd1 Rxd2 27.
Qxd2 Qxd2 28. Rxd2 a5 29. Kf1 Kf8 30. Rd6 Ke7 31. Rd4 Rc8 32. Ke2 Rc1 33. Rd2
Ra1 34. Kf3 b5 35. Ke4 a4 36. f4 axb3 37. axb3 Bxb3 38. Nf5+ Kf6 39. Rd6+ Be6
40. Nd4 Re1+ 41. Kf3 Ke7 42. Rb6 Bd7 43. Nc6+ Bxc6+ 44. Rxc6 b4 45. Rb6 Rb1 46.
Kg4 b3 47. h4 Kd7 48. h5 Kc7 49. Rb4 g6 50. hxg6 fxg6 51. f5 gxf5+ 52. Kxf5 Kc6
53. g4 Kc5 54. Rb8 Kc4 55. Kg6 Rh1 56. Rb7 Kc3 57. Rb8 b2 58. Rc8+ Kd4 0-1

[Event "Lugano Open-13"]
[Site "Lugano"]
[Date "1988.??.??"]
[Round "?"]
[White "Kortschnoj, Viktor Lvovich"]
[Black "Andrijevic, Milan"]
[Result "1-0"]
[WhiteElo "2640"]
[BlackElo "2370"]
[PlyCount "97"]
[EventDate "1988.03.??"]
[EventType "swiss"]
[EventRounds "9"]
[EventCountry "SUI"]
[SourceTitle "EXT 1997"]
[Source "ChessBase"]
[SourceDate "1996.11.15"]
[SourceVersion "1"]
[SourceVersionDate "1996.11.15"]
[SourceQuality "1"]

1. c4 c5 2. Nf3 Nf6 3. Nc3 e6 4. g3 d5 5. cxd5 Nxd5 6. Bg2 Nc6 7. O-O Be7 8. d4
O-O 9. e4 Nb6 10. dxc5 Qxd1 11. Rxd1 Nd7 12. Be3 Bxc5 13. Bxc5 Nxc5 14. e5 Nd7
15. Re1 a6 16. Rad1 h6 17. Rd6 Re8 18. Rd2 Rf8 19. h3 Ra7 20. Rd6 Re8 21. h4
Kf8 22. Rd2 Ke7 23. Ne4 Rd8 24. Nd6 Ndb8 25. h5 Bd7 26. Nh4 b5 27. f4 Be8 28.
Red1 Kf8 29. Bf3 Ne7 30. g4 Bc6 31. Kf2 Rad7 32. Rc1 Bxf3 33. Nxf3 Nbc6 34. a3
Na5 35. Nd4 Nd5 36. Kf3 Nb7 37. Nc6 Ra8 38. Ne4 Rc7 39. Rdc2 Rac8 40. Nd6 Ra8
41. Nxb7 Rxb7 42. Na5 Rbb8 43. b4 Rd8 44. Rc6 Ke8 45. Ke4 Ne7 46. Rd6 Rd7 47.
f5 Rad8 48. Rxd7 Kxd7 49. Nb7 1-0

[Event "Lugano Open-13"]
[Site "Lugano"]
[Date "1988.??.??"]
[Round "?"]
[White "Kortschnoj, Viktor Lvovich"]
[Black "Brenninkmeijer, Joris"]
[Result "1-0"]
[WhiteElo "2640"]
[BlackElo "2385"]
[PlyCount "83"]
[EventDate "1988.03.??"]
[EventType "swiss"]
[EventRounds "9"]
[EventCountry "SUI"]
[SourceTitle "EXT 1997"]
[Source "ChessBase"]
[SourceDate "1996.11.15"]
[SourceVersion "1"]
[SourceVersionDate "1996.11.15"]
[SourceQuality "1"]

1. c4 e5 2. g3 Nf6 3. Bg2 c6 4. d4 exd4 5. Qxd4 d5 6. Nc3 Be6 7. cxd5 cxd5 8.
Be3 Nc6 9. Qa4 Bb4 10. Nf3 Ne4 11. Rc1 O-O 12. O-O Bxc3 13. bxc3 Qe7 14. Rfd1
Rfd8 15. Nd4 Nxd4 16. Rxd4 Nd6 17. Rcd1 Nc4 18. Bc1 Rdc8 19. Qc2 Nb6 20. e4
dxe4 21. Qxe4 Rd8 22. Qxb7 Rxd4 23. Rxd4 Qxb7 24. Bxb7 Re8 25. a4 h6 26. Be3
Nc4 27. Ba6 Ne5 28. Kg2 Bc8 29. Bxc8 Rxc8 30. Rd5 f6 31. Bd4 Rc4 32. Ra5 Nc6
33. Rc5 Rxc5 34. Bxc5 Kf7 35. Kf3 g6 36. Ke4 Ke6 37. g4 a6 38. h3 f5+ 39. gxf5+
gxf5+ 40. Ke3 Ke5 41. Bd4+ Ke6 42. Bg7 1-0

[Event "Lugano Open-13"]
[Site "Lugano"]
[Date "1988.??.??"]
[Round "?"]
[White "Kortschnoj, Viktor Lvovich"]
[Black "Gulko, Boris F"]
[Result "1-0"]
[WhiteElo "2640"]
[BlackElo "2595"]
[PlyCount "111"]
[EventDate "1988.03.??"]
[EventType "swiss"]
[EventRounds "9"]
[EventCountry "SUI"]
[SourceTitle "EXT 1997"]
[Source "ChessBase"]
[SourceDate "1996.11.15"]
[SourceVersion "1"]
[SourceVersionDate "1996.11.15"]
[SourceQuality "1"]

1. c4 c5 2. Nf3 Nf6 3. Nc3 Nc6 4. d4 cxd4 5. Nxd4 e6 6. g3 Qb6 7. Nb3 Ne5 8. e4
Bb4 9. Qe2 O-O 10. f4 Nc6 11. e5 Ne8 12. Bd2 f6 13. c5 Qc7 14. Nb5 Bxd2+ 15.
Qxd2 Qb8 16. exf6 Nxf6 17. Bg2 b6 18. Nd6 a5 19. O-O a4 20. Nd4 Nxd4 21. Qxd4
bxc5 22. Qxc5 Ra6 23. Rfd1 Rb6 24. b3 Ba6 25. h3 Bb5 26. f5 exf5 27. Nxf5 Bc6
28. Ne7+ Kh8 29. Nxc6 dxc6 30. bxa4 Rb2 31. Qd6 Qb6+ 32. Kh1 Rc8 33. Rf1 Rd8
34. Qxc6 Qd4 35. a5 h6 36. Rae1 Rd6 37. Qf3 Rd2 38. Rb1 Rd5 39. a6 Ra5 40. Qa8+
Kh7 41. Rxf6 Rxg2 42. Rxh6+ Kxh6 43. Qxg2 Rxa6 44. Kh2 Qc4 45. Qd2+ Kh7 46. Rb3
Re6 47. Rb2 Ra6 48. Qd1 Kh6 49. a3 Qc3 50. Rb3 Qc5 51. Qd2+ Kh7 52. Qd3+ g6 53.
Rb7+ Kh6 54. Qd2+ g5 55. Qb2 Qf8 56. Qe2 1-0

[Event "World Cup"]
[Site "Brussels"]
[Date "1988.??.??"]
[Round "2"]
[White "Kortschnoj, Viktor Lvovich"]
[Black "Timman, Jan H"]
[Result "1-0"]
[WhiteElo "2640"]
[BlackElo "2675"]
[Annotator "ChessBase"]
[PlyCount "79"]
[EventDate "1988.04.??"]
[EventType "tourn"]
[EventRounds "17"]
[EventCountry "BEL"]
[EventCategory "15"]
[SourceTitle "CBM 007"]
[Source "ChessBase"]
[SourceDate "1988.12.01"]
[SourceVersion "1"]
[SourceVersionDate "1988.12.01"]
[SourceQuality "1"]

1. d4 Nf6 2. c4 g6 3. Nc3 d5 4. cxd5 Nxd5 5. e4 Nxc3 6. bxc3 Bg7 7. Bc4 b6 8.
Nf3 $5 O-O (8... Bb7 $2 9. Bxf7+ $18) 9. O-O Bb7 10. Qc2 { 10...c5 11.d5} Nc6
11. Re1 Qd7 (11... Qd6 $1 12. e5 Qd8 13. e6 f5 14. Ng5 Na5 $10) 12. Rb1 e6 13.
Ba3 Rfd8 14. h4 $1 Na5 15. Bf1 c5 (15... f5 16. exf5 gxf5 17. Ne5 Bxe5 18. Rxe5
Be4 19. Rxe4 $1 fxe4 20. Qxe4 $16) 16. dxc5 Qc7 (16... bxc5 $14) 17. Qc1 $1
bxc5 18. h5 $16 Nc6 (18... Bc6 19. hxg6 hxg6 20. Qg5 Nb7 21. Re3 $16) 19. hxg6
hxg6 20. Qg5 Rab8 (20... Ne5 $2 21. Nxe5 Bxe5 22. Rxb7 $18) 21. Bxc5 Qa5 22.
Rb5 Qxc3 23. Reb1 $1 (23. Rc1 Qf6 $10) 23... Bf6 24. Qh6 a6 (24... Ba6 25. Rxb8
Nxb8 26. Ng5 $18) 25. R1b3 $1 Qc2 26. Ne1 $18 Qd2 (26... Qxe4 27. Rh3) 27. Qxd2
Rxd2 28. Rxb7 Rxb7 29. Rxb7 Rxa2 30. Rb6 Nd4 31. Rxa6 Ne2+ 32. Bxe2 Rxe2 33.
Nf3 Rxe4 34. Ra8+ Kg7 35. Bf8+ Kh7 36. Ra7 g5 37. Rxf7+ Kg6 38. Rd7 g4 39. Nd2
Re1+ 40. Nf1 1-0

[Event "OHRA"]
[Site "Amsterdam"]
[Date "1988.??.??"]
[Round "?"]
[White "Ljubojevic, Ljubomir"]
[Black "Kortschnoj, Viktor Lvovich"]
[Result "0-1"]
[WhiteElo "2590"]
[BlackElo "2595"]
[PlyCount "66"]
[EventDate "1988.07.??"]
[EventType "tourn"]
[EventRounds "10"]
[EventCountry "NED"]
[EventCategory "14"]
[SourceTitle "CBM 009"]
[Source "ChessBase"]
[SourceDate "1989.04.01"]
[SourceVersion "1"]
[SourceVersionDate "1989.04.01"]
[SourceQuality "1"]

1. e4 c5 2. Nf3 Nc6 3. d4 cxd4 4. Nxd4 Nf6 5. Nc3 d6 6. Bg5 e6 7. Qd2 Be7 8.
O-O-O O-O 9. f4 h6 10. Bh4 e5 11. Nf5 Bxf5 12. exf5 exf4 13. Qxf4 d5 14. Kb1 d4
15. Bc4 Bd6 16. Qd2 dxc3 17. Qxd6 Qxd6 18. Rxd6 Ne4 19. Rhd1 Nxd6 20. Rxd6 Rfe8
21. Bd5 Ne7 22. Be4 Ng6 23. fxg6 Rxe4 24. Bg3 cxb2 25. Rd7 fxg6 26. Rxb7 a5 27.
Kxb2 Rc8 28. Rd7 g5 29. Rd2 Rce8 30. Bc7 a4 31. Ba5 Re2 32. Rd7 Rxg2 33. Bc3
Ree2 0-1

[Event "Olympiad-28"]
[Site "Thessaloniki"]
[Date "1988.11.18"]
[Round "5"]
[White "Mateo, Ramon"]
[Black "Kortschnoj, Viktor Lvovich"]
[Result "0-1"]
[WhiteElo "2445"]
[BlackElo "2665"]
[PlyCount "72"]
[EventDate "1988.11.13"]
[EventType "team-swiss"]
[EventRounds "14"]
[EventCountry "GRE"]
[SourceTitle "TD"]
[Source "ChessBase"]
[SourceDate "1994.03.01"]
[SourceVersion "1"]
[SourceVersionDate "1994.03.01"]
[SourceQuality "1"]
[WhiteTeam "Dominican Rep"]
[BlackTeam "Switzerland"]
[WhiteTeamCountry "DOM"]
[BlackTeamCountry "SUI"]

1. e4 e6 2. d4 d5 3. Nc3 Nf6 4. Bg5 Be7 5. e5 Nfd7 6. Bxe7 Qxe7 7. Qh5 a6 8. f4
c5 9. Nf3 Nc6 10. O-O-O cxd4 11. Nxd4 Nb6 12. Nf3 Bd7 13. Qg4 O-O 14. Bd3 f5
15. Qg3 Rac8 16. Qf2 Qb4 17. Qd2 d4 18. Ne2 Qa4 19. Kb1 Nd5 20. b3 Qa3 21. c4
dxc3 22. Nxc3 Ncb4 23. Nxd5 Nxd5 24. Bc4 Bc6 25. Rc1 b5 26. Bxd5 Bxd5 27. Qb2
Qb4 28. Qd4 Qxd4 29. Nxd4 Bxg2 30. Rhd1 Kf7 31. b4 Rfd8 32. Nb3 Rxd1 33. Rxd1
Rc4 34. Rd4 Rxd4 35. Nxd4 Be4+ 36. Kb2 g5 0-1

[Event "Olympiad-28"]
[Site "Thessaloniki"]
[Date "1988.11.22"]
[Round "9"]
[White "Kortschnoj, Viktor Lvovich"]
[Black "Rogers, Ian"]
[Result "1-0"]
[WhiteElo "2665"]
[BlackElo "2400"]
[PlyCount "79"]
[EventDate "1988.11.13"]
[EventType "team-swiss"]
[EventRounds "14"]
[EventCountry "GRE"]
[SourceTitle "TD"]
[Source "ChessBase"]
[SourceDate "1994.03.01"]
[SourceVersion "1"]
[SourceVersionDate "1994.03.01"]
[SourceQuality "1"]
[WhiteTeam "Switzerland"]
[BlackTeam "Australia"]
[WhiteTeamCountry "SUI"]
[BlackTeamCountry "AUS"]

1. c4 Nf6 2. Nf3 g6 3. Nc3 Bg7 4. e4 d6 5. d4 O-O 6. Be2 e5 7. O-O Nbd7 8. Qc2
exd4 9. Nxd4 c6 10. Bg5 Re8 11. Rad1 Qe7 12. Rfe1 Nc5 13. Bf1 a5 14. Bh4 Qc7
15. Nb3 Nxb3 16. axb3 Nh5 17. Be2 Nf4 18. Bg3 Be5 19. Qd2 Nxe2+ 20. Rxe2 Qb6
21. Re3 Bg4 22. Na4 Qa7 23. f3 Bxg3 24. hxg3 Rxe4 25. c5 Rxe3 26. Qxe3 Be6 27.
Rxd6 Rf8 28. Nc3 Bf5 29. g4 Bc2 30. Rd2 Bxb3 31. Ne4 Be6 32. Qh6 f5 33. Nf6+
Kf7 34. Qxh7+ Kxf6 35. g5+ Kxg5 36. Qe7+ Rf6 37. f4+ Kh6 38. Qxf6 Qxc5+ 39. Kh2
Bg8 40. Rd7 1-0

[Event "Olympiad-28"]
[Site "Thessaloniki"]
[Date "1988.11.23"]
[Round "10"]
[White "Kortschnoj, Viktor Lvovich"]
[Black "Cooper, John Grantley"]
[Result "1-0"]
[WhiteElo "2665"]
[BlackElo "2310"]
[PlyCount "79"]
[EventDate "1988.11.13"]
[EventType "team-swiss"]
[EventRounds "14"]
[EventCountry "GRE"]
[SourceTitle "TD"]
[Source "ChessBase"]
[SourceDate "1994.03.01"]
[SourceVersion "1"]
[SourceVersionDate "1994.03.01"]
[SourceQuality "1"]
[WhiteTeam "Switzerland"]
[BlackTeam "Wales"]
[WhiteTeamCountry "SUI"]
[BlackTeamCountry "WLS"]

1. d4 Nf6 2. c4 g6 3. Nc3 Bg7 4. e4 d6 5. Be2 O-O 6. g4 c5 7. d5 e6 8. g5 Ne8
9. Nf3 exd5 10. cxd5 Nc7 11. Qc2 b5 12. h4 Bg4 13. Ng1 Bd7 14. a4 bxa4 15. Bf4
Qe7 16. f3 Nba6 17. Bxa6 Nxa6 18. Qh2 Rfb8 19. Bxd6 Rxb2 20. Qxb2 Qxd6 21. Nge2
Nb4 22. Qd2 c4 23. Kf1 Nd3 24. Rb1 Qc5 25. Nd1 a3 26. Kg2 a5 27. Nc1 Rc8 28.
Nxd3 cxd3 29. Nf2 Qc2 30. Qxd3 a2 31. Rbd1 Qxd3 32. Nxd3 Bb5 33. Nf2 Ba4 34.
Rde1 Bc2 35. e5 Bxe5 36. Rxe5 Bb1 37. d6 a1=Q 38. d7 Rf8 39. Re8 Qd4 40. Rd1
1-0

[Event "Olympiad-28"]
[Site "Thessaloniki"]
[Date "1988.11.29"]
[Round "14"]
[White "Kortschnoj, Viktor Lvovich"]
[Black "Granda Zuniga, Julio E"]
[Result "1-0"]
[WhiteElo "2665"]
[BlackElo "2475"]
[PlyCount "49"]
[EventDate "1988.11.13"]
[EventType "team-swiss"]
[EventRounds "14"]
[EventCountry "GRE"]
[SourceTitle "TD"]
[Source "ChessBase"]
[SourceDate "1994.03.01"]
[SourceVersion "1"]
[SourceVersionDate "1994.03.01"]
[SourceQuality "1"]
[WhiteTeam "Switzerland"]
[BlackTeam "Peru"]
[WhiteTeamCountry "SUI"]
[BlackTeamCountry "PER"]

1. d4 Nf6 2. c4 e6 3. g3 d5 4. Bg2 Be7 5. Nf3 O-O 6. O-O dxc4 7. Ne5 c5 8. dxc5
Bxc5 9. Nxc4 Nc6 10. Nc3 Qe7 11. Bg5 Rd8 12. Qc1 Bd4 13. Ne4 h6 14. Bh4 Bd7 15.
Rd1 Be8 16. Qf4 Qb4 17. Bxf6 Bxf6 18. Nxf6+ gxf6 19. Rxd8 Nxd8 20. b3 Kg7 21.
Rd1 Nc6 22. Qc7 a5 23. Nd6 a4 24. Bxc6 bxc6 25. Qe7 1-0

[Event "German Cup"]
[Site "Cologne"]
[Date "1989.??.??"]
[Round "2"]
[White "Kortschnoj, Viktor Lvovich"]
[Black "Ruf, Matthias"]
[Result "1-0"]
[WhiteElo "2610"]
[BlackElo "2390"]
[PlyCount "79"]
[EventDate "1989.??.??"]
[EventType "swiss (rapid)"]
[EventRounds "4"]
[EventCountry "GER"]
[SourceTitle "CBM 016"]
[Source "ChessBase"]
[SourceDate "1990.06.01"]
[SourceVersion "1"]
[SourceVersionDate "1990.06.01"]
[SourceQuality "1"]

1. c4 Nf6 2. Nc3 d6 3. d4 g6 4. e4 Bg7 5. Bg5 h6 6. Be3 Nc6 7. f3 e5 8. d5 Ne7
9. c5 O-O 10. Qd2 Kh7 11. Rc1 Ne8 12. Bd3 f5 13. Nge2 Rf7 14. h3 f4 15. Bf2 Ng8
16. Kd1 Bf8 17. cxd6 cxd6 18. Kc2 a6 19. Na4 b5 20. Nb6 Rb8 21. Kb1 Bb7 22. Rc2
Qg5 23. Rg1 Be7 24. a4 bxa4 25. Nxa4 Bd8 26. Qb4 a5 27. Qd2 Rc7 28. Nec3 Bc8
29. Nb6 Ne7 30. Nxc8 Nxc8 31. Bb5 Qe7 32. Bc6 Na7 33. Na4 Nf6 34. Rgc1 Rcc8 35.
Qd3 Rb4 36. Qa6 Rc7 37. Bb6 Rxb6 38. Nxb6 Nxc6 39. dxc6 Ra7 40. Qxa7 1-0

[Event "World Cup"]
[Site "Barcelona"]
[Date "1989.03.??"]
[Round "8"]
[White "Seirawan, Yasser"]
[Black "Kortschnoj, Viktor Lvovich"]
[Result "0-1"]
[WhiteElo "2610"]
[BlackElo "2610"]
[Annotator "Bulletin"]
[PlyCount "120"]
[EventDate "1989.03.??"]
[EventType "tourn"]
[EventRounds "17"]
[EventCountry "ESP"]
[EventCategory "15"]
[SourceTitle "CBM 012"]
[Source "ChessBase"]
[SourceDate "1989.10.01"]
[SourceVersion "1"]
[SourceVersionDate "1989.10.01"]
[SourceQuality "1"]

1. d4 d5 2. c4 e6 3. Nc3 c6 4. e3 Nf6 5. Nf3 Nbd7 6. Bd3 dxc4 7. Bxc4 b5 8. Bd3
a6 9. e4 c5 10. d5 c4 11. dxe6 cxd3 12. exf7+ {'!?' Bulletin.} (12. exd7+ $6
Qxd7 13. O-O Bb7 14. Bg5 Be7 15. e5 Ne4 16. Bxe7 Kxe7 $1 $15 17. Re1 Nxc3 18.
bxc3 Qd5 $6 {Danner,G-Pekarek,A/Prague Bohemians A/1989/0-1/51/ -> CBM 12} (
18... Qg4 $5 19. h3 Bxf3 20. hxg4 Bxd1 21. Raxd1 Rhd8 {Gavrikov,V-Chernin,A/
URS-ch/1987/ -> CBM 2})) 12... Kxf7 13. e5 Qe7 14. Ng5+ {'?' Bulletin.
Bulletin: '>= 14.Bf4!->'} Ke8 15. O-O Nxe5 16. Re1 h6 17. f4 hxg5 18. Rxe5 Qxe5
19. fxe5 Bc5+ 20. Be3 Bxe3+ 21. Kf1 Nh5 {'-+!' Bulletin.} 22. Qxd3 Rf8+ 23. Ke1
Bf2+ 24. Kf1 Be3+ 25. Ke1 Nf4 26. Qe4 Ra7 27. g3 Bb7 28. Qh7 Ne6 29. Ne4 Bxe4
30. Qxe4 Bf2+ 31. Kf1 Bxg3+ 32. Kg2 Bf4 33. Rd1 Ke7 34. Rd6 Rd8 35. Qd5 Rxd6
36. Qxd6+ Kf7 37. b4 Rc7 38. Qxa6 Rc2+ 39. Kf3 Bxe5 40. h3 Kf6 41. Ke4 Rc4+ 42.
Ke3 Rxb4 43. Qc6 Bf4+ 44. Kf2 Rb2+ 45. Kf1 Rxa2 46. Qxb5 Be3 47. Qc6 Rf2+ 48.
Ke1 Ke5 49. Qb5+ Nc5 50. Qe8+ Kf4 51. Qb8+ Kf3 52. Qa8+ Kg3 53. Qa3 Rf3 54. Ke2
Ne6 55. Qe7 Nf4+ 56. Kd1 Nxh3 57. Qxg7 g4 58. Kc2 Nf4 59. Qg8 Rf1 60. Kc3 Re1
0-1

[Event "World Cup"]
[Site "Barcelona"]
[Date "1989.03.??"]
[Round "14"]
[White "Kortschnoj, Viktor Lvovich"]
[Black "Speelman, Jonathan S"]
[Result "1-0"]
[WhiteElo "2610"]
[BlackElo "2640"]
[Annotator "Bulletin"]
[PlyCount "75"]
[EventDate "1989.03.??"]
[EventType "tourn"]
[EventRounds "17"]
[EventCountry "ESP"]
[EventCategory "15"]
[SourceTitle "CBM 012"]
[Source "ChessBase"]
[SourceDate "1989.10.01"]
[SourceVersion "1"]
[SourceVersionDate "1989.10.01"]
[SourceQuality "1"]

1. d4 d5 2. Nf3 Nf6 3. c4 c6 4. Qb3 e6 (4... dxc4 5. Qxc4 Bf5) 5. g3 Be7 6. Bg2
Qa5+ {'!?' Bulletin. Bulletin: 'N'} (6... O-O 7. O-O b6 8. Nc3 Ba6) 7. Nbd2 (7.
Bd2 Qa6 $1 8. Ne5 Nbd7 {>< c4}) 7... O-O 8. O-O c5 9. cxd5 exd5 (9... Nxd5 $2
10. Nc4 $16) 10. dxc5 (10. Qe3 $5 Qc7 (10... Nc6 $2 11. Nb3 cxd4 12. Qxe7 $1
$18) 11. b3 (11. dxc5 Bxc5 12. Qd3 $14) 11... cxd4 12. Nxd4 Re8 13. Qd3 Nc6 14.
Bb2 $14) 10... Na6 11. Qe3 {'!?' Bulletin.} (11. Qd1 Nxc5 12. a3 Nce4 13. Nb3
Qa6 $13) 11... Bxc5 12. Nb3 Bxe3 13. Nxa5 Bb6 (13... Bxc1 $2 14. Raxc1 $16) 14.
Nb3 Re8 15. Nbd4 Nb4 (15... Bd7 16. Bg5 Ne4 17. Be3 Rac8 $10) 16. Bg5 (16. Be3
Ng4) 16... Nc6 {'?!' Bulletin.} (16... Ne4 17. Be3 Bd7 $10) 17. Bxf6 gxf6 18.
e3 (18. Rfd1 Nxd4 19. Nxd4 Bxd4 20. Rxd4 Rxe2 21. Bxd5 Rxb2 $10) 18... Bg4 (
18... Nxd4 19. Nxd4 Bxd4 20. exd4 Be6 $14) 19. Nb3 (19. Rac1 Bxf3 20. Nxf3 d4
21. exd4 Nxd4 22. Nxd4 Bxd4 23. Bxb7 Rab8 24. Bc6 Re2 $10) 19... Rad8 20. Rfc1
Bxf3 (20... d4 $2 21. Nfxd4 Nxd4 22. exd4 Bxd4 23. Rc4 $1 $18) 21. Bxf3 Ne5 (
21... d4 $2 22. Bxc6 bxc6 23. exd4 Bxd4 24. Nxd4 Rxd4 25. Rxc6 $16) 22. Be2 (
22. Bg2 $5 Nd3 23. Rc2 Rc8 24. Re2 $1 (24. Rd2 Nxf2 $5 25. Kxf2 Bxe3+ 26. Ke1
Bxd2+ 27. Kxd2 $13) 24... Red8 25. Rd1 $16) 22... d4 23. exd4 Bxd4 24. Nxd4
Rxd4 25. Rd1 Rb4 {'?!' Bulletin.} (25... Red8 26. Rxd4 Rxd4 27. Rd1 Rxd1+ 28.
Bxd1 Nd3 29. b3 $14) 26. b3 f5 (26... a5 27. f4 Nc6 28. Bc4 {/\ a3 +/-}) 27.
Rac1 Re7 {'(+)' Bulletin.} (27... Nc6 28. Bc4 Ne5 29. a3 Rb6 30. Bd5 $16) 28.
f4 Ng4 29. Rd8+ Kg7 30. Bd3 Ne3 31. Rc5 Rb6 (31... b6 32. Rc3 Nd1 33. Rcc8 $16)
(31... Kf6 32. Rd6+ Re6 33. Rd7 $16) 32. Bxf5 Nxf5 33. Rxf5 Re2 (33... Rc6 34.
Rd2 $16) 34. Rd7 Rc6 35. Rfxf7+ Kg8 36. Rg7+ Kf8 37. Rdf7+ Ke8 38. Rc7 1-0